00322nam a2200109Ia 4500008004100000082000800041100001300049245003400062942000600096952009500102999001500197240331s9999 xx 000 0 und d bHAB aHabib, I 0aMarxiavarlatriyal prachnaigal cL 001040708LaWERCLbWERCLcSSCd2024-03-31l0o 335 HABp1198r2024-03-31w2024-03-31yL c3594d3594